000 00381nam a22001457a 4500
020 _a978-81-8360-263-1
041 _aENG
100 _aMeshram .B.D
245 _aQuestion Bank of Dairy Technology And Dairy Engineeing
260 _aNew delhi
_bJain Brothers
_c2018
300 _a415
650 _aCompetitive Exam
700 _aDatir.R.P , Shaikh.A
856 _uCompetitive Exam
999 _c174
_d174